Valuation accuracy, variation and bias in the context of standards and expectations (Record no. 63504)
[ view plain ]
| 000 -LEADER | |
|---|---|
| fixed length control field | 00871cam a2200241 4500 |
| 001 - CONTROL NUMBER | |
| control field | ABS62395 |
| 008 - FIXED-LENGTH DATA ELEMENTS--GENERAL INFORMATION | |
| fixed length control field | 000000n2000 000 0 eng u |
| 035 ## - SYSTEM CONTROL NUMBER | |
| System control number | (Sirsi) u106026 |
| 100 ## - MAIN ENTRY--PERSONAL NAME | |
| Personal name | Crosby, N. |
| 245 ## - TITLE STATEMENT | |
| Title | Valuation accuracy, variation and bias in the context of standards and expectations |
| 260 ## - PUBLICATION, DISTRIBUTION, ETC. | |
| Date of publication, distribution, etc. | 2000 |
| 490 ## - SERIES STATEMENT | |
| Series statement | Journal of Property Investment and Finance |
| Volume/sequential designation | 18(2) April 2000, 130-161(32) |
| 520 ## - SUMMARY, ETC. | |
| Summary, etc. | Looks at the institutional influences which have an effect on valuations and their accuracy and attempts to examine the legal interpretation of valuation inaccuracy in the UK. References. |
| 590 ## - LOCAL NOTE (RLIN) | |
| Local note | ABS |
| 650 ## - SUBJECT ADDED ENTRY--TOPICAL TERM | |
| Topical term or geographic name entry element | VALUATION STANDARDS |
| 650 ## - SUBJECT ADDED ENTRY--TOPICAL TERM | |
| Topical term or geographic name entry element | VALUATION ACCURACY |
| 650 ## - SUBJECT ADDED ENTRY--TOPICAL TERM | |
| Topical term or geographic name entry element | VALUERS |
| 650 ## - SUBJECT ADDED ENTRY--TOPICAL TERM | |
| Topical term or geographic name entry element | VALUATIONS |
| 650 ## - SUBJECT ADDED ENTRY--TOPICAL TERM | |
| Topical term or geographic name entry element | ACCURACY |
| 650 ## - SUBJECT ADDED ENTRY--TOPICAL TERM | |
| Topical term or geographic name entry element | VARIANCE |
| 690 ## - LOCAL SUBJECT ADDED ENTRY--TOPICAL TERM (OCLC, RLIN) | |
| Topical term or geographic name as entry element | PROPERTY-PROPERTY APPRAISAL AND VALUATION |
| 942 ## - ADDED ENTRY ELEMENTS (KOHA) | |
| Suppress in OPAC | 0 |
| Withdrawn status | Lost status | Source of classification or shelving scheme | Damaged status | Not for loan | Home library | Current library | Shelving location | Date acquired | Total Checkouts | Full call number | Barcode | Date last seen | Copy number | Price effective from | Koha item type |
|---|---|---|---|---|---|---|---|---|---|---|---|---|---|---|---|
| Dewey Decimal Classification | London | London | Books | 22/05/2000 | ABS62395 | 106026-1001 | 06/08/2019 | 1 | 06/08/2019 | Book |